书目信息 |
| 题名: |
禾斋谈文论艺
|
|
| 作者: | 文师华 著 | |
| 分册: | ||
| 出版信息: | 南昌 江西人民出版社 2015 |
|
| 页数: | 363页 | |
| 开本: | 24cm | |
| 丛书名: | 江西省政府文史研究馆馆员丛书 | |
| 单 册: | ||
| 中图分类: | I206.2 , J292.1-53 | |
| 科图分类: | ||
| 主题词: | 中国文学--zhong guo wen xue--古典文学研究--文集 , 汉字--han zi--书法--文集 | |
| 电子资源: | ||
| ISBN: | 978-7-210-07199-0 | |
| 000 | 01107nam0 22002771 450 | |
| 001 | 0120082222 | |
| 005 | 20170320090607.17 | |
| 010 | @a978-7-210-07199-0@dCNY70.00 | |
| 100 | @a20151225d2015 em y0chiy50 ea | |
| 101 | 0 | @achi |
| 102 | @aCN@b360000 | |
| 105 | @ay z 000yy | |
| 106 | @ar | |
| 200 | 1 | @a禾斋谈文论艺@9he zhai tan wen lun yi@f文师华著 |
| 210 | @a南昌@c江西人民出版社@d2015 | |
| 215 | @a363页@d24cm | |
| 225 | 2 | @a江西省政府文史研究馆馆员丛书@9jiang xi sheng zheng fu wen shi yan jiu guan guan yuan cong shu |
| 330 | @a本书收录了《论陶渊明归隐田园的原因、生存方式和思想境界》、《孟浩然的心态与诗境》、《柳永词中的意象美》、《庐陵事业起夷陵——欧阳修贬官夷陵时期的思想状况和文学创作》、《论欧阳修的政治主张和刚正品格》、《论欧阳修奉行孝道之表现》等文章。 | |
| 461 | 0 | @12001 @a江西省政府文史研究馆馆员丛书 |
| 606 | 0 | @a中国文学@9zhong guo wen xue@x古典文学研究@j文集 |
| 606 | 0 | @a汉字@9han zi@x书法@j文集 |
| 690 | @aI206.2@v5 | |
| 690 | @aJ292.1-53@v5 | |
| 701 | 0 | @a文师华@9wen shi hua@f(1961~)@4著 |
| 801 | 0 | @aCN@bTANGWEI@c20170308 |
| 905 | @b0957147-9@dI206.2@e307@f3 | |
| 禾斋谈文论艺/文师华著.-南昌:江西人民出版社,2015 |
| 363页;24cm.-(江西省政府文史研究馆馆员丛书) |
| ISBN 978-7-210-07199-0:CNY70.00 |
| 本书收录了《论陶渊明归隐田园的原因、生存方式和思想境界》、《孟浩然的心态与诗境》、《柳永词中的意象美》、《庐陵事业起夷陵——欧阳修贬官夷陵时期的思想状况和文学创作》、《论欧阳修的政治主张和刚正品格》、《论欧阳修奉行孝道之表现》等文章。 |
| ● |
| 相关链接 |
|
|
|
|
正题名:禾斋谈文论艺
索取号:I206.2/307
 
预约/预借
| 序号 | 登录号 | 条形码 | 馆藏地/架位号 | 状态 | 备注 |
| 1 | 0957147 | 209571471 | 第一样本阅览室/ [索取号:I206.2/307] | 在馆 | |
| 2 | 0957148 | 209571480 | 第二借阅区/ [索取号:I206.2/307] | 在馆 | |
| 3 | 0957149 | 209571499 | 第二借阅区/ [索取号:I206.2/307] | 在馆 |